<?xml version="1.0" encoding="UTF-8"?>
<record
    xmlns:xsi="http://www.w3.org/2001/XMLSchema-instance"
    xsi:schemaLocation="http://www.loc.gov/MARC21/slim http://www.loc.gov/standards/marcxml/schema/MARC21slim.xsd"
    xmlns="http://www.loc.gov/MARC21/slim">

  <leader>01035nam a22003017ia4500</leader>
  <controlfield tag="005">20200513112736.0</controlfield>
  <controlfield tag="008">200511t20182019mnuo|||b |||| 00| 0 eng d</controlfield>
  <datafield tag="020" ind1=" " ind2=" ">
    <subfield code="a">9781977101181</subfield>
    <subfield code="c">RM29.90</subfield>
    <subfield code="q">paperback</subfield>
  </datafield>
  <datafield tag="040" ind1=" " ind2=" ">
    <subfield code="a">PPAK</subfield>
    <subfield code="b">eng</subfield>
    <subfield code="c">PPAK</subfield>
    <subfield code="e">rda</subfield>
  </datafield>
  <datafield tag="082" ind1="0" ind2="4">
    <subfield code="2">23</subfield>
    <subfield code="a">623.7464</subfield>
  </datafield>
  <datafield tag="090" ind1="0" ind2="0">
    <subfield code="a">623.7464</subfield>
    <subfield code="b">SCH</subfield>
    <subfield code="d">K</subfield>
  </datafield>
  <datafield tag="100" ind1="1" ind2=" ">
    <subfield code="a">Scheff, Matt,</subfield>
    <subfield code="e">author.</subfield>
  </datafield>
  <datafield tag="245" ind1="1" ind2="0">
    <subfield code="a">Fighter planes :</subfield>
    <subfield code="b">A 4D BOOK /</subfield>
    <subfield code="c">by Matt Scheff ; Editor Marissa Kirkman ; Designer Heidi Thompson</subfield>
  </datafield>
  <datafield tag="264" ind1=" " ind2="1">
    <subfield code="a">North Mankato, Minnesota :</subfield>
    <subfield code="b">Pebble, </subfield>
    <subfield code="c">[2018]</subfield>
  </datafield>
  <datafield tag="264" ind1=" " ind2="4">
    <subfield code="c">&#xA9;2019</subfield>
  </datafield>
  <datafield tag="300" ind1=" " ind2=" ">
    <subfield code="a">24 pages :</subfield>
    <subfield code="b">colour photographs ;</subfield>
    <subfield code="c">18 x 18 cm</subfield>
  </datafield>
  <datafield tag="336" ind1=" " ind2=" ">
    <subfield code="2">rdacontent</subfield>
    <subfield code="a">text</subfield>
  </datafield>
  <datafield tag="337" ind1=" " ind2=" ">
    <subfield code="2">rdamedia</subfield>
    <subfield code="a">unmediated</subfield>
  </datafield>
  <datafield tag="338" ind1=" " ind2=" ">
    <subfield code="2">rdacarrier</subfield>
    <subfield code="a">volume</subfield>
  </datafield>
  <datafield tag="490" ind1="1" ind2=" ">
    <subfield code="a">Little Pebble. MIGHTY MILITARY MACHINES</subfield>
  </datafield>
  <datafield tag="500" ind1=" " ind2=" ">
    <subfield code="a">Includes index.</subfield>
  </datafield>
  <datafield tag="504" ind1=" " ind2=" ">
    <subfield code="a">Bibliography : page 23</subfield>
  </datafield>
  <datafield tag="650" ind1="1" ind2="0">
    <subfield code="a">Fighter planes</subfield>
    <subfield code="x">Juvenile literature</subfield>
  </datafield>
  <datafield tag="700" ind1="1" ind2=" ">
    <subfield code="a">Kirkman, Marissa,</subfield>
    <subfield code="e">editor.</subfield>
  </datafield>
  <datafield tag="700" ind1="1" ind2=" ">
    <subfield code="a">Thompson, Heidi,</subfield>
    <subfield code="e">designer.</subfield>
  </datafield>
  <datafield tag="830" ind1=" " ind2="0">
    <subfield code="a">Little Pebble. Mighty military machines</subfield>
  </datafield>
  <datafield tag="942" ind1=" " ind2=" ">
    <subfield code="2">ddc</subfield>
    <subfield code="c">B</subfield>
  </datafield>
  <datafield tag="999" ind1=" " ind2=" ">
    <subfield code="c">177048</subfield>
    <subfield code="d">177048</subfield>
  </datafield>
  <datafield tag="952" ind1=" " ind2=" ">
    <subfield code="0">0</subfield>
    <subfield code="7">0</subfield>
    <subfield code="b">PPAK</subfield>
    <subfield code="c">K</subfield>
    <subfield code="d">2020-09-10</subfield>
    <subfield code="l">1</subfield>
    <subfield code="o">K 623.7464 SCH</subfield>
    <subfield code="p">A01646586</subfield>
    <subfield code="r">2023-03-25 00:00:00</subfield>
    <subfield code="s">2023-03-18</subfield>
    <subfield code="y">B</subfield>
  </datafield>
  <datafield tag="952" ind1=" " ind2=" ">
    <subfield code="0">0</subfield>
    <subfield code="7">0</subfield>
    <subfield code="b">PPAK</subfield>
    <subfield code="c">K</subfield>
    <subfield code="d">2020-09-10</subfield>
    <subfield code="o">K 623.7464 SCH</subfield>
    <subfield code="p">A01646587</subfield>
    <subfield code="r">2020-09-10 00:00:00</subfield>
    <subfield code="y">B</subfield>
  </datafield>
  <datafield tag="952" ind1=" " ind2=" ">
    <subfield code="0">0</subfield>
    <subfield code="7">0</subfield>
    <subfield code="b">SP</subfield>
    <subfield code="c">K</subfield>
    <subfield code="d">2020-09-10</subfield>
    <subfield code="l">1</subfield>
    <subfield code="o">K 623.7464 SCH</subfield>
    <subfield code="p">A01646588</subfield>
    <subfield code="r">2020-12-13 00:00:00</subfield>
    <subfield code="s">2020-11-23</subfield>
    <subfield code="y">B</subfield>
  </datafield>
  <datafield tag="952" ind1=" " ind2=" ">
    <subfield code="0">0</subfield>
    <subfield code="7">0</subfield>
    <subfield code="b">JT</subfield>
    <subfield code="c">K</subfield>
    <subfield code="d">2020-09-10</subfield>
    <subfield code="l">1</subfield>
    <subfield code="o">K 623.7464 SCH</subfield>
    <subfield code="p">A01646589</subfield>
    <subfield code="r">2024-09-28 11:18:39</subfield>
    <subfield code="s">2024-09-07</subfield>
    <subfield code="y">B</subfield>
  </datafield>
  <datafield tag="952" ind1=" " ind2=" ">
    <subfield code="0">0</subfield>
    <subfield code="7">0</subfield>
    <subfield code="b">KM</subfield>
    <subfield code="c">K</subfield>
    <subfield code="d">2020-09-10</subfield>
    <subfield code="l">1</subfield>
    <subfield code="o">K 623.7464 SCH</subfield>
    <subfield code="p">A01646590</subfield>
    <subfield code="r">2025-05-04 10:05:58</subfield>
    <subfield code="s">2025-04-20</subfield>
    <subfield code="y">B</subfield>
  </datafield>
  <datafield tag="952" ind1=" " ind2=" ">
    <subfield code="0">0</subfield>
    <subfield code="7">0</subfield>
    <subfield code="b">LW</subfield>
    <subfield code="c">K</subfield>
    <subfield code="d">2020-09-10</subfield>
    <subfield code="l">1</subfield>
    <subfield code="o">K 623.7464 SCH</subfield>
    <subfield code="p">A01646591</subfield>
    <subfield code="r">2023-10-18 16:05:05</subfield>
    <subfield code="s">2023-10-09</subfield>
    <subfield code="y">B</subfield>
  </datafield>
  <datafield tag="952" ind1=" " ind2=" ">
    <subfield code="0">0</subfield>
    <subfield code="7">0</subfield>
    <subfield code="b">BL</subfield>
    <subfield code="c">K</subfield>
    <subfield code="d">2020-09-10</subfield>
    <subfield code="l">1</subfield>
    <subfield code="o">K 623.7464 SCH</subfield>
    <subfield code="p">A01646592</subfield>
    <subfield code="r">2024-11-30 14:47:34</subfield>
    <subfield code="s">2024-11-10</subfield>
    <subfield code="y">B</subfield>
  </datafield>
  <datafield tag="952" ind1=" " ind2=" ">
    <subfield code="0">0</subfield>
    <subfield code="7">0</subfield>
    <subfield code="b">BB</subfield>
    <subfield code="c">K</subfield>
    <subfield code="d">2020-09-10</subfield>
    <subfield code="o">K 623.7464 SCH</subfield>
    <subfield code="p">A01646593</subfield>
    <subfield code="r">2020-09-10 00:00:00</subfield>
    <subfield code="y">B</subfield>
  </datafield>
  <datafield tag="952" ind1=" " ind2=" ">
    <subfield code="0">0</subfield>
    <subfield code="7">0</subfield>
    <subfield code="b">MR</subfield>
    <subfield code="c">K</subfield>
    <subfield code="d">2020-09-10</subfield>
    <subfield code="o">K 623.7464 SCH</subfield>
    <subfield code="p">A01646594</subfield>
    <subfield code="r">2020-09-10 00:00:00</subfield>
    <subfield code="y">B</subfield>
  </datafield>
  <datafield tag="952" ind1=" " ind2=" ">
    <subfield code="0">0</subfield>
    <subfield code="7">0</subfield>
    <subfield code="b">YN</subfield>
    <subfield code="c">K</subfield>
    <subfield code="d">2020-09-10</subfield>
    <subfield code="o">K 623.7464 SCH</subfield>
    <subfield code="p">A01646595</subfield>
    <subfield code="r">2020-09-10 00:00:00</subfield>
    <subfield code="y">B</subfield>
  </datafield>
  <datafield tag="952" ind1=" " ind2=" ">
    <subfield code="0">0</subfield>
    <subfield code="7">0</subfield>
    <subfield code="b">SK</subfield>
    <subfield code="c">K</subfield>
    <subfield code="d">2020-09-10</subfield>
    <subfield code="o">K 623.7464 SCH</subfield>
    <subfield code="p">A01646596</subfield>
    <subfield code="r">2020-09-10 00:00:00</subfield>
    <subfield code="y">B</subfield>
  </datafield>
  <datafield tag="952" ind1=" " ind2=" ">
    <subfield code="0">0</subfield>
    <subfield code="7">0</subfield>
    <subfield code="b">KN</subfield>
    <subfield code="c">K</subfield>
    <subfield code="d">2020-09-10</subfield>
    <subfield code="o">K 623.7464 SCH</subfield>
    <subfield code="p">A01646597</subfield>
    <subfield code="r">2020-09-10 00:00:00</subfield>
    <subfield code="y">B</subfield>
  </datafield>
</record>
